000 00901nam0a22002651 4500
001 rc\2769130
005 20250806204140.0
035 _a(NLR Aleph) 006895532
090 _a25595
_c25595
100 _a20110915d1941 u y0rusy50 ca
101 0 _arus
102 _aRU
105 _ay z |||||
200 1 _aБоевые отравляющие вещества, их распознавание и первая помощь при поражении ими
_fИ. Ефремов, К. Лисаевич
210 _aРостов-на-Дону
_cРостиздат
_d1941
215 _a16, [4] с.
_d14 см.
700 1 _aЕфремов
_bИ.Я.
701 1 _aЛисаевич
_bК.
801 0 _aRU
_bNLR
_gpsbo
801 1 _aRU
_bELAR
_2rusmarc
852 _aNLR
_jВ60 Г-2/502
942 _cBOOK
945 _aРоссийская национальная библиотека
980 _aNB
980 _aBV